000 00442nam a2200193Ia 4500
005 20240823021009.0
008 240823s9999||||xx |||||||||||||| ||und||
020 _a81-7254-124-4
041 _aENGLISH
082 _A050 P6
100 _aSubburaj V V K
245 0 _aSura s Year Book 2006
250 _a1st
260 _c2006
_b"Sura Books,Madras"
500 _aYES
650 _aYear Book
_bGeneral
942 _cBK
999 _c176054
_d176054